000 00562nam a2200205Ia 4500
003 OSt
005 20241230101049.0
008 210324s9999||||xx |||||||||||||| ||und||
040 _cSTCPL
041 _aHIN
041 _hHND
082 _aH1
_bDAK-P
245 0 _aPadya praveshika /
_cPublished by Dakshin Bharat Hindi Prachar Sabha
_hपध्य प्रवेशीका
260 _aMadras :
_b Dakshin Bharat Hindi Prachar Sabha ,
_c1956 .
300 _a139 p.
_bHB
650 _aHindi literature
650 _aPoetry
942 _cBK
942 _2ddc
_n0
999 _c5403
_d5403